000 00880nam a2200253Ia 4500
003 OSt
005 20221005113430.0
006 a|||||r|||| 00| 0
007 ta
008 221004b |||||||| |||| 00| 0 pan d
020 _a9788178835709 (hbk)
_c225
024 _a3696
037 _b745, 12/03/2013, Bright Book Service
_cTextual
040 _aCRL
_cCRL
_bpan
041 _2pan
_apan
082 _aO153,3N452x, P9
100 _aਸੰਧੂ, ਵਰਿਆਮ ਸਿੰਘ
245 0 _aਪਰਦੇਸੀ ਪੰਜਾਬ
260 _aਲੁਧਿਆਣਾ
_bਚੇਤਨਾ ਪ੍ਰਕਾFਨ ਭਾਰਤ
_c2009
300 _a272ਪੰ
_ccm.
650 _aਪੰਜਾਬੀ ਸਾਹਿਤ
942 _hO153,3N452x, P9
_cTEXL
_2cc
999 _c1028153
_d1028153